Las enseñanzas de Don Juan (Record no. 186112)

MARC details
000 -LEADER
campo de control de longitud fija 01049nam a2200289 i 4500
001 - NÚMERO DE CONTROL
campo de control 186112
003 - IDENTIFICADOR DE NÚMERO DE CONTROL
campo de control SpMaBN
005 - FECHA Y HORA DE LA ÚLTIMA TRANSACCIÓN
campo de control 20250912063057.0
008 - DATOS DE LONGITUD FIJA--INFORMACIÓN GENERAL
campo de control de longitud fija 160909s1989 mx |||| |dspa d
020 ## - NÚMERO INTERNACIONAL ESTÁNDAR DEL LIBRO
Número Internacional Estándar del Libro 84-375-0106-7
080 ## - NÚMERO DE LA CLASIFICACIÓN DECIMAL UNIVERSAL
Número de la Clasificación Decimal Universal 929 Juan, Don
080 ## - NÚMERO DE LA CLASIFICACIÓN DECIMAL UNIVERSAL
Número de la Clasificación Decimal Universal 299.7(=822.245)
080 ## - NÚMERO DE LA CLASIFICACIÓN DECIMAL UNIVERSAL
Número de la Clasificación Decimal Universal 615.214:159.961.2
100 1# - ENTRADA PRINCIPAL--NOMBRE DE PERSONA
Nombre de persona Castaneda, Carlos.
9 (RLIN) 36394
245 14 - MENCIÓN DEL TÍTULO
Título Las enseñanzas de Don Juan
Resto del título : una forma yaqui de conocimiento /
Mención de responsabilidad, etc. Carlos Castaneda ; prólogo de Octavio Paz ; [traducción de Juan Tovar].
250 ## - MENCION DE EDICION
Mención de edición 18ª reimp., en España.
260 ## - PUBLICACIÓN, DISTRIBUCIÓN, ETC.
Lugar de publicación, distribución, etc. México :
Nombre del editor, distribuidor, etc. Fondo de Cultura Económica,
Fecha de publicación, distribución, etc. 1989.
300 ## - DESCRIPCIÓN FÍSICA
Extensión 301 p. ;
Dimensiones 17 cm.
490 1# - MENCIÓN DE SERIE
Mención de serie Colección popular (Fondo de Cultura Económica) ;
Designación de volumen o secuencia 126
RLIN 241328
650 #7 - PUNTO DE ACCESO ADICIONAL DE MATERIA--TÉRMINO DE MATERIA
Término de materia o nombre geográfico como elemento de entrada Yaquis (Indios)-
Subdivisión general Religión.
9 (RLIN) 159835
650 #7 - PUNTO DE ACCESO ADICIONAL DE MATERIA--TÉRMINO DE MATERIA
Término de materia o nombre geográfico como elemento de entrada Alucinógenos y experiencia religiosa.
9 (RLIN) 156627
700 1# - ENTRADA AGREGADA--NOMBRE PERSONAL
Nombre de persona Paz, Octavio,
Fechas asociadas al nombre 1914-1998
9 (RLIN) 89753
700 1# - ENTRADA AGREGADA--NOMBRE PERSONAL
Nombre de persona Tovar, Juan.
9 (RLIN) 111169
852 ## - LOCALIZACIÓN
Ubicación ES-MaACL
Número de control de estantería L-30657
Nota libre . - Donat. Miguel A. Velasco
942 ## - ELEMENTOS DE ENTRADA SECUNDARIOS (KOHA)
Fuente del sistema de clasificación o colocación Clasificación decimal universal
Holdings
Estatus retirado Estado de pérdida Estado de daño No para préstamo Biblioteca de origen Biblioteca actual Ubicación en estantería Fecha de adquisición Fuente de adquisición Total de préstamos Signatura topográfica completa Código de barras Visto por última vez Precio de reemplazo Tipo de ítem Koha
        Biblioteca del Ateneo de Madrid Biblioteca del Ateneo de Madrid Depósito 2 09/09/2016     L-30657 1196219 23/02/2023 23/02/2023 Libro impreso